Využitie geotermálnej energie v regióne Východného Slovenska bakalárska práca

Gespeichert in:
Bibliographische Detailangaben
1. Verfasser: Roskoš, Michal
Körperschaft: Podnikovohospodárska fakulta EU so sídlom v Košiciach. Katedra marketingu a obchodu
Weitere Verfasser: Urblíková, Daniela
Format: Buch
Sprache:Slowakisch
Veröffentlicht: Košice 2011
Tags: Tag hinzufügen
Keine Tags, Fügen Sie das erste Tag hinzu!

MARC

LEADER 00000nbm a2200000 4500
001 0139457
005 20161109111623.8
041 0 |a slo 
044 |a SK 
245 1 0 |a Využitie geotermálnej energie v regióne Východného Slovenska  |b bakalárska práca  |c Michal Roskoš ; školiteľ: Daniela Urblíková 
264 1 |a Košice  |c 2011 
300 |a 67 s. 
100 1 |a Roskoš, Michal 
700 1 |a Urblíková, Daniela 
710 2 |a Podnikovohospodárska fakulta EU so sídlom v Košiciach. Katedra marketingu a obchodu